| 000 | 00422nam a2200145Ia 4500 | ||
|---|---|---|---|
| 008 | 230411s9999 xx 000 0 und d | ||
| 020 | _a978-81-948693-3-7 | ||
| 041 | _aeng | ||
| 082 | _aB/612.015/LAL/B09613 | ||
| 100 |
_aLal Harbans _9177277 |
||
| 245 | _aEssentials of Biochemistry for BSc Nursing Students | ||
| 260 |
_bCBS Publishers & Distributors _aNew Delhi _c2022 |
||
| 300 | _a323p | ||
| 999 |
_c158609 _d158609 |
||